000 00782cab a2200277 4500
001 ABS54146
008 090401t1995 xxu||||| |||| 00| 0 eng d
035 _a(Sirsi) u8787
041 _aeng
100 _aJupp, S.
245 4 _aThe impact of flexible working on the infrastructure
260 _c1995
350 _a0
490 _aFacilities Management
_v3(2) December 1995, 20-21(2)
520 _aDiscusses the implications of flexible working practices on the property needs of companies.
650 _aFLEXIBLE OFFICE
650 _aFLEXIBLE WORKING PRACTICES
650 _aFUTURE
650 _aHOME OFFICE
650 _aOFFICES
650 _aTELECENTRE
650 _aTELEWORKING
690 _aPROPERTY-COMMERCIAL PROPERTY
942 _n0
948 _c04/03/1997
999 _c5446
_d5446